| 000 | 00593nam a22001817a 4500 | ||
|---|---|---|---|
| 003 | NUST | ||
| 038 | _aMr. Zahoor | ||
| 082 | _a670.5 | ||
| 100 |
_aAli, Mohsin _917433 |
||
| 245 |
_aInvestigation of Specific Cutting Energy at low speed turning of A1 6061 T6 _cMohsin Ali |
||
| 260 |
_aIslamabad : _bSMME - NUST, _c2019. |
||
| 300 |
_aiv, 29 p. : ill. ; _c30cm. |
||
| 500 | _aHardcover. | ||
| 650 |
_aDesign and Manufacturing Engineering - MS Thesis _916133 |
||
| 700 |
_aDr. Syed Hussain Imran _917434 |
||
| 856 | _uhttp://10.250.8.41:8080/xmlui/handle/123456789/12454 | ||
| 942 |
_2ddc _cTHE |
||
| 999 |
_c526431 _d526431 |
||